000 00297nam a2200109Ia 4500
008 171211s9999 xx 000 0 und d
245 _aAdam's Task: Calling Animals by Name
245 _cVicki Hearne
260 _c2007
650 _xANIMALS
856 _uhttp://down.ebook777.com/041/1602390029.pdf
999 _c348523
_d348523